ბათუმის შოთა რუსთაველის სახელმწიფო უნივერსიტეტის ბიბლიოთეკა

Handbook of Evidence-Based Practices in Intellectual and Developmental Disabilities / (ბიბ.ჩანაწერი № 57869)

000 -LEADER
fixed length control field 01109cam a22002535i 4500
001 - CONTROL NUMBER
control field 21664598
005 - DATE AND TIME OF LATEST TRANSACTION
control field 20221107113607.0
006 - FIXED-LENGTH DATA ELEMENTS--ADDITIONAL MATERIAL CHARACTERISTICS
fixed length control field m |o d |
007 - PHYSICAL DESCRIPTION FIXED FIELD--GENERAL INFORMATION
fixed length control field cr |||||||||||
008 - FIXED-LENGTH DATA ELEMENTS--GENERAL INFORMATION
fixed length control field 160511s2016 gw |||| o |||| 0|eng
020 ## - INTERNATIONAL STANDARD BOOK NUMBER
International Standard Book Number 9783319928487 1
041 ## - LANGUAGE CODE
Language code of text/sound track or separate title eng
080 ## - UNIVERSAL DECIMAL CLASSIFICATION NUMBER
Universal Decimal Classification number 376.2 + 61 H-22
245 00 - TITLE STATEMENT
Title Handbook of Evidence-Based Practices in Intellectual and Developmental Disabilities /
Statement of responsibility, etc. edited by Nirbhay N. Singh.
250 ## - EDITION STATEMENT
Edition statement 1st ed. 2016.
264 #1 - PRODUCTION, PUBLICATION, DISTRIBUTION, MANUFACTURE, AND COPYRIGHT NOTICE
Name of producer, publisher, distributor, manufacturer Springer,
Date of production, publication, distribution, manufacture, or copyright notice 2016.
Place of production, publication, distribution, manufacture Augusta :
300 ## - PHYSICAL DESCRIPTION
Extent 984 p.
Other physical details 25 cm.
653 ## - INDEX TERM--UNCONTROLLED
keyword პედაგოგიკა
653 ## - INDEX TERM--UNCONTROLLED
keyword მედიცინა
653 ## - INDEX TERM--UNCONTROLLED
keyword ქცევითი თერაპია
653 ## - INDEX TERM--UNCONTROLLED
keyword ინტელექტუალური და განვითარების შეზღუდული შესაძლებლობების მტკიცებულებებზე დაფუძნებული პრაქტიკის სახელმძღვანელო
700 1# - ADDED ENTRY--PERSONAL NAME
Personal name Singh, Nirbhay N.
Relator term რედაქტორი
9 (RLIN) 10626
942 ## - ADDED ENTRY ELEMENTS (KOHA)
Source of classification or shelving scheme
Koha item type წიგნი
ეგზემპლარები
Withdrawn status Lost status Source of classification or shelving scheme Damaged status Not for loan Permanent Location Current Location Shelving location Date acquired Cost, normal purchase price Full call number Barcode Date last seen Copy number Price effective from Koha item type Public note
          ბათუმის შოთა რუსთაველის სახელმწიფო უნივერსიტეტის მთავარი ბიბლიოთეკა ბათუმის შოთა რუსთაველის სახელმწიფო უნივერსიტეტის მთავარი ბიბლიოთეკა წიგნსაცავი 2021-03-23 287.00 376.2 + 61 H-22 61261 2021-03-23 61261 2021-03-23 წიგნი 287gel.